| 000 | 00000nam 2200000zi 4500 |
| 001 | 9.940605 |
| 003 | CaOODSP |
| 005 | 20240911134448 |
| 006 | m o d f |
| 007 | cr cn||||||||| |
| 008 | 240715t20242024qucd o f000 0 fre d |
| 020 | |a9780660727936 |
| 040 | |aCaOODSP|bfre|erda|cCaOODSP |
| 043 | |an-cn--- |
| 086 | 1 |aEn4-738/1-2024F-PDF |
| 245 | 00|aAudit de l'administration des subventions et contributions à ECCC : |brapport I / |cDirection générale de l'audit et de l'évaluation. |
| 264 | 1|aGatineau (Québec) : |bEnvironnement et changement climatique Canada = Environment and Climate Change Canada, |c2024. |
| 264 | 4|c©2024 |
| 300 | |a1 ressource en ligne (47 pages) : |bgraphiques |
| 336 | |atexte|btxt|2rdacontent/fre |
| 337 | |ainformatique|bc|2rdamedia/fre |
| 338 | |aressource en ligne|bcr|2rdacarrier/fre |
| 500 | |a« juin 2024. » |
| 500 | |aTitre de la couverture. |
| 500 | |aPublié aussi en anglais sous le titre : Audit of the administration of grants and contributions at ECCC : report I. |
| 520 | |a« L'objectif global de l'audit était d'évaluer l'efficacité opérationnelle de la gouvernance, de la gestion des risques et des contrôles internes en place pour administrer les programmes ministériels de S et C, et d'évaluer les progrès réalisés dans la mise en Ĺ“uvre des recommandations du comité spécial des directeurs généraux (DG) sur l'examen des subventions et contributions effectué de 2020 à 2021 » -- Résumé, page 1. |
| 610 | 16|aCanada. |bEnvironnement et changement climatique Canada|xAudit. |
| 650 | 6|aFinances publiques|zCanada|xGestion|xAudit. |
| 650 | 6|aPaiements de transfert|zCanada|xAudit. |
| 710 | 1 |aCanada. |bEnvironnement et changement climatique Canada. |bDirection générale de la vérification et de l'évaluation, |eorganisme de publication. |
| 775 | 08|tAudit of the administration of grants and contributions at ECCC : |w(CaOODSP)9.940604 |
| 856 | 40|qPDF|s1.05 Mo|uhttps://publications.gc.ca/collections/collection_2024/eccc/en4/En4-738-1-2024-fra.pdf |
| 856 | 4 |qHTML|sS.O.|uhttps://www.canada.ca/fr/environnement-changement-climatique/organisation/transparence/priorites-gestion/audits-internes/audit-administration-subventions-contributions-eccc-2024.html |
| 986 | |a24013 |